RWBY- All Named Weapons - Statistics

General Stats
  • This quiz has been taken 44 times
  • The average score is 8 of 14
Answer Stats
Description Weapon Owner % Correct
Sniper Rifle/Scythe Crescent Rose Ruby Rose
97%
Katana/Pistol Gambol Shroud Blake Belladonna
89%
Multi-Action Dust Rapier Myrtenaster Weiss Schnee
83%
Shotgun Gauntlets Ember Celica Yang Xiao Long
81%
Warhammer/Grenade Laucher Magnhild Nora Valkyrie
75%
Javelin/Xiphos/Rifle Miló
67%
Rifle-Sheath Blush Adam Taurus
58%
Twin SMGs w/Blade attachments StormFlower Lie Ren
58%
Chokutō Wilt
58%
Shield Akoúo̱ Pyrrha Nikos
42%
Shotgun-chucks/Bo Staff (combined) Jingu Bang Sun Wukong
39%
Cane/Flare Gun/Grappling Hook Melodic Cudgel Roman Torchwick
33%
Ruyi Bang
31%
Longsword/Sheath-Shield Croeca Mors Jaune Arc
3%
No matching quizzes found
Score Distribution
Percent of People with Each Score
Percentile by Number Answered
Your Score History
You have not taken this quiz